Asia and the Pacific basin: towards an integrated model of corruption: opportunities and control in China (Record no. 44479)

000 -LEADER
fixed length control field 01267pab a2200169 454500
008 - FIXED-LENGTH DATA ELEMENTS--GENERAL INFORMATION
fixed length control field 180718b2000 xxu||||| |||| 00| 0 eng d
100 ## - MAIN ENTRY--PERSONAL NAME
Personal name Chan, Kin-man
245 ## - TITLE STATEMENT
Title Asia and the Pacific basin: towards an integrated model of corruption: opportunities and control in China
260 ## - PUBLICATION, DISTRIBUTION, ETC.
Date of publication, distribution, etc. 2000
300 ## - PHYSICAL DESCRIPTION
Extent p.507-51
362 ## - DATES OF PUBLICATION AND/OR SEQUENTIAL DESIGNATION
Dates of publication and/or sequential designation Apr
520 ## - SUMMARY, ETC.
Summary, etc. This article uses a transaction costs approach to synthesize micro- and macro-theories of corruption in an analysis of corruption in post-Mao China. Macro-theories of corruption include functional, political-institutional, revised modernization, and cultural approaches. These approaches are integrated through a micro-model developed from the principal-agent model and a rational choice model of crime. The micro-model focuses on: the frequency of corrupt opportunities and the stakes involved, external control such as legal sanctions, and internal control or moral constraints. Within this context, this study reveals that corruption during the post-Mao China period was caused by the surge of such opportunities and the failure of internal and external control. - Reproduced
650 ## - SUBJECT ADDED ENTRY--TOPICAL TERM
Topical term or geographic name entry element Corruption - China
650 ## - SUBJECT ADDED ENTRY--TOPICAL TERM
Topical term or geographic name entry element Corruption
773 ## - HOST ITEM ENTRY
Main entry heading International Journal of Public Administration
909 ## -
-- 44479
Holdings
Withdrawn status Lost status Damaged status Not for loan Permanent Location Current Location Date acquired Serial Enumeration / chronology Barcode Date last seen Price effective from Koha item type
        Indian Institute of Public Administration Indian Institute of Public Administration 2018-07-19 Volume no: 23, Issue no: 4 AR44889 2018-07-19 2018-07-19 Articles

Powered by Koha